[Event "World op 53rd"]
[Site "Philadephia"]
[Date "2025.07.03"]
[Round "2"]
[White "Cherukuri, Nitesh"]
[Black "Xiong, Jeffery"]
[Result "0-1"]
[WhiteElo "2233"]
[BlackElo "2646"]
[PlyCount "106"]
[EventDate "2025.07.03"]
[EventType "swiss"]
[EventRounds "9"]
[EventCountry "USA"]
[SourceTitle "CB28_2025"]
[SourceDate "2025.07.09"]
[SourceVersion "1"]
[SourceVersionDate "2025.07.09"]
[SourceQuality "1"]

1. Nf3 c5 2. g3 Nc6 3. Bg2 g6 4. 0-0 Bg7 5. c4 d6 6. Nc3 Bf5 7. d3 Qd7 8. Re1 Bh3 9. e4 Bg4 10. Qa4 Bxf3 11. Bxf3 e6 12. Be3 Nge7 13. Rab1 0-0 14. Red1 a6 15. Bg2 b5 16. Qc2 Nd4 17. Qd2 Nec6 18. f4 Rab8 19. Kh1 Qc7 20. Ne2 Nxe2 21. Qxe2 Nd4 22. Qf2 a5 23. g4 bxc4 24. dxc4 Rb4 25. b3 Rfb8 26. Bd2 R4b7 27. e5 Ra7 28. exd6 Qxd6 29. Bc3 Qa6 30. f5 exf5 31. gxf5 Qf6 32. Rf1 g5 33. Bd5 Re8 34. Rbe1 Rae7 35. Rxe7 Rxe7 36. Re1 Rxe1+ 37. Bxe1 g4 38. Bxa5 Nf3 39. Bxf3 gxf3 40. Qxc5 Qb2 41. Qg1 f2 42. Qd1 Qf6 43. Kg2 Qg5+ 44. Kxf2 Qxf5+ 45. Kg2 Qg5+ 46. Kh3 Qxa5 47. Qf3 Qxa2 48. c5 Qc2 49. c6 Be5 50. Qg4+ Kf8 51. Qc8+ Kg7 52. Qg4+ Qg6 53. Qxg6+ hxg6 0-1

[Event "World op 53rd"]
[Site "Philadephia"]
[Date "2025.07.03"]
[Round "1"]
[White "Xiong, Jeffery"]
[Black "Yao, Hanchi"]
[Result "1-0"]
[WhiteElo "2646"]
[BlackElo "2129"]
[PlyCount "67"]
[EventDate "2025.07.03"]
[EventType "swiss"]
[EventRounds "9"]
[EventCountry "USA"]
[SourceTitle "CB28_2025"]
[SourceDate "2025.07.09"]
[SourceVersion "1"]
[SourceVersionDate "2025.07.09"]
[SourceQuality "1"]

1. Nf3 Nf6 2. c4 e6 3. Nc3 d5 4. d4 Be7 5. Bf4 0-0 6. a3 c6 7. e3 Nbd7 8. c5 Nh5 9. Bd3 Nxf4 10. exf4 Qc7 11. g3 b6 12. b4 a5 13. 0-0 Ba6 14. Re1 Bxd3 15. Qxd3 g6 16. h4 h5 17. Rxe6 fxe6 18. Qxg6+ Kh8 19. Re1 Rf6 20. Qxh5+ Kg7 21. Ng5 Nf8 22. f5 bxc5 23. bxc5 exf5 24. Ne2 Bxc5 25. dxc5 Qe5 26. Nf3 Qe8 27. Nf4 Qxh5 28. Nxh5+ Kg6 29. Nxf6 Kxf6 30. Nd4 a4 31. f4 Ra5 32. Re8 Kf7 33. Rc8 Rxc5 34. Rxf8+ 1-0

[Event "Titled Tuesday intern op 03rd Jan Late"]
[Site "Chess.com INT"]
[Date "2025.06.03"]
[Round "5"]
[White "Naroditsky, Daniel"]
[Black "Xiong, Jeffery"]
[Result "1/2-1/2"]
[WhiteElo "2619"]
[BlackElo "2636"]
[PlyCount "44"]
[EventDate "2025.06.03"]
[EventType "swiss (blitz)"]
[EventRounds "11"]
[EventCountry "USA"]
[SourceTitle "CB24_2025"]
[SourceDate "2025.06.11"]
[SourceVersion "1"]
[SourceVersionDate "2025.06.11"]
[SourceQuality "1"]

1. e4 c5 2. Nf3 Nc6 3. Bb5 e6 4. 0-0 Nge7 5. c3 a6 6. Ba4 Ng6 7. d4 cxd4 8. cxd4 d5 9. exd5 exd5 10. Bg5 Be7 11. Bxc6+ bxc6 12. Bxe7 Nxe7 13. Ne5 0-0 14. Nd2 Qb6 15. Nb3 a5 16. Re1 Nf5 17. Qd2 f6 18. Nf3 Nd6 19. Re7 Qd8 20. Ree1 Qb6 21. Re7 Qd8 22. Ree1 Qb6 1/2-1/2

[Event "Titled Tuesday intern op 03rd Jan Late"]
[Site "Chess.com INT"]
[Date "2025.06.03"]
[Round "3"]
[White "Shukhman, Anna"]
[Black "Xiong, Jeffery"]
[Result "0-1"]
[WhiteElo "2413"]
[BlackElo "2636"]
[PlyCount "86"]
[EventDate "2025.06.03"]
[EventType "swiss (blitz)"]
[EventRounds "11"]
[EventCountry "USA"]
[SourceTitle "CB24_2025"]
[SourceDate "2025.06.11"]
[SourceVersion "1"]
[SourceVersionDate "2025.06.11"]
[SourceQuality "1"]

1. e4 c5 2. Nf3 d6 3. d4 cxd4 4. Nxd4 Nf6 5. Nc3 a6 6. Qd3 Nbd7 7. Be2 g6 8. Bg5 Qa5 9. f4 Nc5 10. Qe3 Ncxe4 11. 0-0 Nxc3 12. bxc3 Bg7 13. Bf3 e6 14. f5 e5 15. fxg6 hxg6 16. Bxf6 Bxf6 17. Bxb7 Bxb7 18. Rxf6 Qd5 19. Rf2 Qe4 20. Qd2 Qh4 21. Nf3 Bxf3 22. gxf3 Ke7 23. Re1 Rh5 24. f4 Rah8 25. Rd1 Qf6 26. fxe5 Qg5+ 27. Rg2 Qxd2 28. Rgxd2 dxe5 29. Rd7+ Kf6 30. Rf1+ Rf5 31. Rd6+ Kg5 32. Rxa6 Rxf1+ 33. Kxf1 Rxh2 34. Rc6 Rxc2 35. a4 f5 36. a5 e4 37. a6 e3 38. a7 Ra2 39. Rc7 f4 40. Re7 Kg4 41. c4 Kf3 42. Kg1 e2 43. c5 Rxa7 0-1

[Event "Titled Tuesday intern op 03rd Jan Late"]
[Site "Chess.com INT"]
[Date "2025.06.03"]
[Round "4"]
[White "Xiong, Jeffery"]
[Black "Sanal, Vahap"]
[Result "1-0"]
[WhiteElo "2636"]
[BlackElo "2555"]
[PlyCount "101"]
[EventDate "2025.06.03"]
[EventType "swiss (blitz)"]
[EventRounds "11"]
[EventCountry "USA"]
[SourceTitle "CB24_2025"]
[SourceDate "2025.06.11"]
[SourceVersion "1"]
[SourceVersionDate "2025.06.11"]
[SourceQuality "1"]

1. c4 c6 2. Nf3 d5 3. d4 Nf6 4. cxd5 cxd5 5. Nc3 Nc6 6. Bf4 Bf5 7. Qb3 Na5 8. Qa4+ Bd7 9. Qc2 e6 10. e3 Rc8 11. Bd3 Bb4 12. 0-0 0-0 13. Ne5 h6 14. h3 b5 15. Qe2 Bxc3 16. bxc3 Rxc3 17. Nxd7 Nxd7 18. Bd6 Re8 19. Bxb5 Rc8 20. Rfc1 Nc4 21. Bxc4 dxc4 22. Rxc4 Qb6 23. Bc5 Nxc5 24. Qc2 Qa6 25. Rc1 Rb8 26. Rxc5 Qa3 27. Rc3 Qa5 28. Rc7 Qa3 29. Qe2 Re7 30. Rc8+ Re8 31. Rxe8+ Rxe8 32. Rc7 Rb8 33. Qf3 Rb1+ 34. Kh2 Qd6+ 35. Qg3 Qxg3+ 36. Kxg3 a5 37. Rc5 a4 38. Rc4 a3 39. Ra4 g5 40. Rxa3 Kg7 41. Ra8 Ra1 42. a4 h5 43. a5 Ra2 44. a6 f5 45. a7 h4+ 46. Kh2 Ra3 47. f3 Ra2 48. e4 f4 49. d5 exd5 50. exd5 g4 51. hxg4 1-0

[Event "Titled Tuesday intern op 03rd Jan Late"]
[Site "Chess.com INT"]
[Date "2025.06.03"]
[Round "11"]
[White "Xiong, Jeffery"]
[Black "Tang, Andrew"]
[Result "1-0"]
[WhiteElo "2636"]
[BlackElo "2529"]
[PlyCount "81"]
[EventDate "2025.06.03"]
[EventType "swiss (blitz)"]
[EventRounds "11"]
[EventCountry "USA"]
[SourceTitle "CB24_2025"]
[SourceDate "2025.06.11"]
[SourceVersion "1"]
[SourceVersionDate "2025.06.11"]
[SourceQuality "1"]

1. d4 d5 2. c4 e6 3. Nc3 Be7 4. Bf4 Nf6 5. e3 0-0 6. a3 b6 7. cxd5 Nxd5 8. Nxd5 exd5 9. Bd3 c5 10. Nf3 c4 11. Bb1 Nc6 12. h4 b5 13. Ng5 h6 14. Qh5 Qe8 15. Nh7 f5 16. Qf3 Be6 17. Nxf8 Qxf8 18. Qg3 Qf6 19. h5 a5 20. Qg6 Qxg6 21. hxg6 Bf6 22. Rh5 Ne7 23. Bd6 Nxg6 24. Bxf5 Kf7 25. Bxe6+ Kxe6 26. Bc5 Nh4 27. Ke2 Re8 28. Rh1 Ng6 29. Bb6 Ra8 30. Bc5 Rb8 31. g4 Nh8 32. f4 Nf7 33. Rb1 b4 34. axb4 axb4 35. Ra1 c3 36. bxc3 b3 37. Kd3 g6 38. Rh2 Nd8 39. Rxh6 Kf7 40. Ra7+ Ke8 41. Rxg6 1-0

[Event "Titled Tuesday intern op 20th May Late"]
[Site "Chess.com INT"]
[Date "2025.05.20"]
[Round "8"]
[White "Xiong, Jeffery"]
[Black "Karthikeyan, Murali"]
[Result "1-0"]
[WhiteElo "2636"]
[BlackElo "2658"]
[PlyCount "125"]
[EventDate "2025.05.20"]
[EventType "swiss (blitz)"]
[EventRounds "11"]
[EventCountry "USA"]
[SourceTitle "CB22_2025"]
[SourceDate "2025.05.28"]
[SourceVersion "1"]
[SourceVersionDate "2025.05.28"]
[SourceQuality "1"]

1. d4 Nf6 2. Nf3 d5 3. c4 e6 4. Nc3 a6 5. cxd5 exd5 6. Bg5 Be6 7. e3 c6 8. Bd3 h6 9. Bh4 Bd6 10. Qc2 Nbd7 11. 0-0 0-0 12. Bg3 Bxg3 13. hxg3 Ne8 14. b4 Nd6 15. a4 b5 16. e4 dxe4 17. Nxe4 Nxe4 18. Bxe4 Rc8 19. axb5 axb5 20. Ra6 Nf6 21. Bxc6 Qd6 22. Qc5 Rfd8 23. Qxd6 Rxd6 24. Bxb5 Rxa6 25. Bxa6 Rb8 26. b5 Nd5 27. Rc1 Nb4 28. Ne5 Rb6 29. Bc8 Rxb5 30. Bxe6 fxe6 31. Rb1 Rb6 32. Nc4 Rb8 33. Ne5 Nc6 34. Rxb8+ Nxb8 35. f3 Na6 36. Kf2 Nb4 37. Ke3 Kf8 38. Ke4 Ke7 39. Nd3 Nc6 40. Nf4 Na5 41. Kd3 Kf6 42. g4 Nc6 43. Kc4 Nd8 44. Kc5 g5 45. Nd3 Ke7 46. Ne5 Nb7+ 47. Kc6 Na5+ 48. Kc7 Nb3 49. Nc6+ Kf6 50. Kd6 Nd2 51. Nd8 Nc4+ 52. Kd7 Ne3 53. Nxe6 Nxg2 54. d5 Ne1 55. Nd4 Ke5 56. d6 Nd3 57. Ke7 Nc5 58. Ne2 Kd5 59. Nc3+ Ke5 60. Ne4 Nb7 61. d7 Kf4 62. Nc5 Na5 63. Kd6 1-0

[Event "Chess.com Classic Play In"]
[Site "Chess.com INT"]
[Date "2025.05.19"]
[Round "7"]
[White "Aronian, Levon"]
[Black "Xiong, Jeffery"]
[Result "1-0"]
[WhiteElo "2747"]
[BlackElo "2636"]
[PlyCount "135"]
[EventDate "2025.05.19"]
[EventType "swiss (blitz)"]
[EventRounds "9"]
[EventCountry "USA"]
[SourceTitle "CB21_2025"]
[SourceDate "2025.05.21"]
[SourceVersion "1"]
[SourceVersionDate "2025.05.21"]
[SourceQuality "1"]

1. e4 c5 2. Nc3 Nc6 3. Nf3 e6 4. d4 cxd4 5. Nxd4 Nf6 6. Nxc6 bxc6 7. e5 Nd5 8. Ne4 Bb7 9. Be2 Qc7 10. Nd6+ Bxd6 11. exd6 Qb6 12. c4 Nf6 13. 0-0 c5 14. Qd3 0-0 15. Rd1 a5 16. Bg5 Ne4 17. Be7 Rfb8 18. Rab1 a4 19. Qh3 f6 20. Qg4 Kh8 21. h4 a3 22. bxa3 Qc6 23. Rb3 f5 24. Qh3 Bc8 25. Qf3 Rxb3 26. axb3 Bb7 27. a4 Nc3 28. Re1 Nxe2+ 29. Rxe2 Qxf3 30. gxf3 Bxf3 31. Re5 Bd1 32. Rxc5 Bxb3 33. a5 Kg8 34. h5 Kf7 35. Kg2 h6 36. Kg3 g6 37. hxg6+ Kxg6 38. Kf4 Kf7 39. Ke5 h5 40. Kd4 Ba4 41. Kc3 Bc6 42. Kb4 Rh8 43. Bh4 Rb8+ 44. Rb5 Rg8 45. Rc5 Rb8+ 46. Kc3 Ba4 47. a6 Ra8 48. Ra5 Bc6 49. Kd4 Rg8 50. f4 Rg4 51. Bg5 h4 52. Ra3 Rg3 53. Ra2 h3 54. a7 Rg1 55. Kc5 Rb1 56. Bh4 Kg6 57. Bg3 Ba8 58. Ra3 Kh5 59. Bf2 Rh1 60. Rg3 h2 61. Rg5+ Kh6 62. Bg3 Rg1 63. Bxh2 Rxg5 64. fxg5+ Kxg5 65. Kb6 f4 66. Kc7 f3 67. Bg1 e5 68. Kxd7 1-0

[Event "Chess.com Classic Play In"]
[Site "Chess.com INT"]
[Date "2025.05.19"]
[Round "9"]
[White "Sindarov, Javokhir"]
[Black "Xiong, Jeffery"]
[Result "1/2-1/2"]
[WhiteElo "2706"]
[BlackElo "2636"]
[PlyCount "126"]
[EventDate "2025.05.19"]
[EventType "swiss (blitz)"]
[EventRounds "9"]
[EventCountry "USA"]
[SourceTitle "CB21_2025"]
[SourceDate "2025.05.21"]
[SourceVersion "1"]
[SourceVersionDate "2025.05.21"]
[SourceQuality "1"]

1. e4 e6 2. Nf3 d5 3. Nc3 d4 4. Ne2 c5 5. b4 Nf6 6. e5 Nfd7 7. bxc5 Bxc5 8. c3 dxc3 9. Nxc3 Nc6 10. d4 Bb4 11. Bd2 Nb6 12. Ne4 Be7 13. Bb5 Bd7 14. Rb1 Nd5 15. Bc4 Rc8 16. 0-0 0-0 17. Qe2 b6 18. Ba6 Rc7 19. Nd6 Nb8 20. Bd3 Bc6 21. Ne4 Bb7 22. Rfd1 Nc6 23. Neg5 g6 24. h4 Ncb4 25. h5 Nxd3 26. Qxd3 Qc8 27. Rdc1 Rxc1+ 28. Rxc1 Qd7 29. Ne4 Rc8 30. Rxc8+ Qxc8 31. Nfg5 Qf8 32. Qh3 gxh5 33. Nd6 Bxd6 34. exd6 Bc6 35. Nxh7 Qg7 36. Ng5 Qg6 37. Qh4 Kf8 38. Ne4 Ke8 39. f3 Kd7 40. Kf2 f6 41. a3 Bb5 42. Bf4 Bd3 43. Ng3 Nxf4 44. Qxf4 Qg5 45. Qxg5 fxg5 46. Nxh5 Kxd6 47. Ke3 Bg6 48. Nf6 b5 49. Kd2 a5 50. Kc3 Ke7 51. Ng4 Kd6 52. Ne5 Be8 53. Nd3 Kd5 54. Nf2 b4+ 55. axb4 axb4+ 56. Kxb4 Kxd4 57. Nh3 g4 58. fxg4 e5 59. Ng5 e4 60. Nxe4 Kxe4 61. g5 Kf5 62. g6 Bxg6 63. g4+ Kxg4 1/2-1/2

[Event "Titled Tuesday intern op 06th May Early"]
[Site "Chess.com INT"]
[Date "2025.05.06"]
[Round "7"]
[White "Xiong, Jeffery"]
[Black "Alonso Rosell, Alvar"]
[Result "1-0"]
[WhiteElo "2636"]
[BlackElo "2550"]
[PlyCount "67"]
[EventDate "2025.05.06"]
[EventType "swiss (blitz)"]
[EventRounds "11"]
[EventCountry "USA"]
[SourceTitle "CB20_2025"]
[SourceDate "2025.05.14"]
[SourceVersion "1"]
[SourceVersionDate "2025.05.14"]
[SourceQuality "1"]

1. e4 c6 2. Nf3 d5 3. d3 dxe4 4. dxe4 Qxd1+ 5. Kxd1 Nf6 6. Nfd2 Nbd7 7. f3 a5 8. a4 Nc5 9. Nc4 Nfd7 10. Bf4 f6 11. Bc7 e5 12. Nbd2 Ne6 13. Bxa5 Bc5 14. Nb3 Nd4 15. Nxc5 Nxc5 16. b4 Nd7 17. Nb6 Nxb6 18. Bxb6 Be6 19. Kc1 Ke7 20. Kb2 Bf7 21. Bc5+ Ke8 22. Bxd4 exd4 23. Be2 Ke7 24. a5 Rhd8 25. Rhd1 Rd6 26. Rd2 c5 27. bxc5 Rc6 28. Rxd4 Rxc5 29. Rb4 Ra7 30. Rb5 Rc7 31. Ra3 Be8 32. Rb6 Rc5 33. Rc3 Rxc3 34. Kxc3 1-0

[Event "Titled Tuesday intern op 01st Apr Early"]
[Site "Chess.com INT"]
[Date "2025.04.01"]
[Round "8"]
[White "Csonka, Balazs"]
[Black "Xiong, Jeffery"]
[Result "0-1"]
[WhiteElo "2473"]
[BlackElo "2636"]
[PlyCount "76"]
[EventDate "2025.04.01"]
[EventType "swiss (blitz)"]
[EventRounds "11"]
[EventCountry "USA"]
[SourceTitle "CB15_2025"]
[SourceDate "2025.04.09"]
[SourceVersion "1"]
[SourceVersionDate "2025.04.09"]
[SourceQuality "1"]

1. e4 e6 2. d4 d5 3. e5 c5 4. c3 Nc6 5. Nf3 Bd7 6. Be2 Nge7 7. 0-0 Ng6 8. g3 f6 9. exf6 Qxf6 10. Bg5 Qf7 11. Be3 cxd4 12. cxd4 Bd6 13. Nc3 0-0 14. Ng5 Qf6 15. f4 Nge7 16. Nf3 Nf5 17. Bf2 Be8 18. Ne5 Bxe5 19. dxe5 Qe7 20. Qd2 Bg6 21. g4 d4 22. gxf5 dxc3 23. Qxc3 Rxf5 24. Bc5 Qf7 25. Bg4 Rd8 26. Be3 Bh5 27. Bxf5 Qxf5 28. Rf2 Rd3 29. Qe1 Be8 30. Rd2 Qg4+ 31. Rg2 Qf3 32. Rg3 Qd5 33. f5 Ne7 34. fxe6 Bc6 35. Kf2 Nf5 36. e7 Nxg3 37. e8Q+ Bxe8 38. Kxg3 Qxe5+ 0-1

[Event "Titled Tuesday intern op 01st Apr Early"]
[Site "Chess.com INT"]
[Date "2025.04.01"]
[Round "1"]
[White "Xiong, Jeffery"]
[Black "Cornelisse, Lorelei"]
[Result "1-0"]
[WhiteElo "2636"]
[BlackElo "2095"]
[PlyCount "135"]
[EventDate "2025.04.01"]
[EventType "swiss (blitz)"]
[EventRounds "11"]
[EventCountry "USA"]
[SourceTitle "CB15_2025"]
[SourceDate "2025.04.09"]
[SourceVersion "1"]
[SourceVersionDate "2025.04.09"]
[SourceQuality "1"]

1. e4 e5 2. Nf3 Nc6 3. Nc3 Nf6 4. d4 exd4 5. Nxd4 Bb4 6. Nxc6 bxc6 7. Bd3 0-0 8. 0-0 d5 9. exd5 cxd5 10. h3 h6 11. Qf3 c6 12. Bf4 Re8 13. Rfd1 Be6 14. Ne2 Bd6 15. c4 Bxf4 16. Nxf4 Qb6 17. cxd5 cxd5 18. Rd2 Rad8 19. Rad1 d4 20. Nxe6 Rxe6 21. Bc4 Red6 22. b3 g6 23. Re2 R8d7 24. Re5 Kg7 25. Rd3 Qc6 26. Qf4 Nh5 27. Qd2 Nf6 28. Bb5 Qb6 29. Bxd7 Rxd7 30. Re1 Rd5 31. Qf4 Qd8 32. Red1 g5 33. Qf3 Rd6 34. h4 g4 35. Qf4 h5 36. Rxd4 Rxd4 37. Rxd4 Qe7 38. Qg5+ Kh7 39. Rf4 Qe1+ 40. Kh2 g3+ 41. fxg3 Ng4+ 42. Rxg4 hxg4 43. Qxg4 Qb1 44. Qf3 Kg8 45. a4 Qg6 46. g4 Qb6 47. g5 Qd6+ 48. Kh3 Qe6+ 49. g4 Qe1 50. h5 Qe6 51. g6 fxg6 52. hxg6 Qxg6 53. Qa8+ Kh7 54. Qxa7+ Kh6 55. Qe3+ Kg7 56. a5 Qb1 57. Kg3 Qf1 58. b4 Qb5 59. Qd4+ Kg6 60. Qe4+ Kg7 61. Qd4+ Kg6 62. Qc5 Qd3+ 63. Kf4 Qd2+ 64. Ke5 Qe2+ 65. Kd6 Qd3+ 66. Kc7 Qg3+ 67. Qd6+ Qxd6+ 68. Kxd6 1-0

[Event "Titled Tuesday intern op 01st Apr Early"]
[Site "Chess.com INT"]
[Date "2025.04.01"]
[Round "11"]
[White "Xiong, Jeffery"]
[Black "Erigaisi, Arjun Kumar"]
[Result "0-1"]
[WhiteElo "2636"]
[BlackElo "2777"]
[PlyCount "142"]
[EventDate "2025.04.01"]
[EventType "swiss (blitz)"]
[EventRounds "11"]
[EventCountry "USA"]
[SourceTitle "CB15_2025"]
[SourceDate "2025.04.09"]
[SourceVersion "1"]
[SourceVersionDate "2025.04.09"]
[SourceQuality "1"]

1. e4 d5 2. exd5 Qxd5 3. Nc3 Qd6 4. d4 Nf6 5. Nf3 g6 6. Nb5 Qb6 7. a4 a6 8. Na3 Be6 9. Bd3 Bg7 10. 0-0 0-0 11. Re1 c5 12. Ng5 Bg4 13. Qd2 Nc6 14. Nc4 Qa7 15. dxc5 Qxc5 16. Qf4 e5 17. Qg3 Rad8 18. Be3 Qe7 19. Bb6 Rde8 20. Ne4 Nxe4 21. Qxg4 f5 22. Qf3 Nf6 23. Be2 Kh8 24. Qa3 Qxa3 25. Rxa3 Nd7 26. Be3 e4 27. Bc1 Nc5 28. c3 a5 29. g3 Nd3 30. Bxd3 exd3 31. Rd1 Re4 32. Nd6 Re2 33. Bf4 g5 34. Bxg5 Ne5 35. Bf4 Nf3+ 36. Kg2 Ne1+ 37. Kf1 Nc2 38. Rb3 Kg8 39. Rxd3 Re1+ 40. Kg2 Rd8 41. Rd2 Rc1 42. Re2 Ne1+ 43. Kh3 Rd1 44. Rxb7 Nd3 45. Bg5 Rxd6 46. Re8+ Bf8 47. Rbb8 Nxf2+ 48. Kh4 Rh1 49. Rxf8+ Kg7 50. Bf4 Rxh2+ 51. Kg5 Rg6+ 52. Kxf5 Rh5+ 53. Bg5 Rhxg5+ 54. Kf4 Nh3+ 55. Ke4 Rg4+ 56. Kd5 Rxa4 57. Rg8+ Kh6 58. Rxg6+ Kxg6 59. c4 Ra1 60. c5 Ng5 61. c6 Rd1+ 62. Ke5 Rc1 63. Rb6 Kh5 64. Kf5 Rc5+ 65. Kf4 Ne6+ 66. Ke4 Kg5 67. Ra6 h5 68. Rb6 Kg4 69. c7 Nxc7 70. Rg6+ Rg5 71. Kd4 Rxg6 0-1

[Event "Titled Tuesday intern op 01st Apr Early"]
[Site "Chess.com INT"]
[Date "2025.04.01"]
[Round "5"]
[White "Xiong, Jeffery"]
[Black "Nigalidze, Gaioz"]
[Result "1-0"]
[WhiteElo "2636"]
[BlackElo "2368"]
[PlyCount "115"]
[EventDate "2025.04.01"]
[EventType "swiss (blitz)"]
[EventRounds "11"]
[EventCountry "USA"]
[SourceTitle "CB15_2025"]
[SourceDate "2025.04.09"]
[SourceVersion "1"]
[SourceVersionDate "2025.04.09"]
[SourceQuality "1"]

1. e4 c5 2. Nf3 d6 3. Nc3 Nf6 4. d4 cxd4 5. Qxd4 Nc6 6. Qd3 a6 7. Nd5 e6 8. Nxf6+ Qxf6 9. c3 h6 10. Be2 Be7 11. 0-0 0-0 12. a4 e5 13. Nd2 Be6 14. Nc4 Rad8 15. Nb6 Qg6 16. Nd5 Bg5 17. Bxg5 Qxg5 18. Rad1 f5 19. exf5 Bxf5 20. Qe3 Qxe3 21. Nxe3 Be6 22. Nd5 Bxd5 23. Rxd5 Kf7 24. Rfd1 Ke7 25. g3 g5 26. Kg2 Ke6 27. Bf3 Ke7 28. Be4 Rf6 29. f3 Kd7 30. R5d2 Kc7 31. Rh1 Rg8 32. g4 Nd8 33. h4 Ne6 34. Kg3 gxh4+ 35. Rxh4 Nf4 36. c4 h5 37. Rdh2 Rg7 38. Rxh5 Nxh5+ 39. Rxh5 b5 40. cxb5 axb5 41. a5 b4 42. Rh1 Kb8 43. Rh8+ Kc7 44. Ra8 Rff7 45. Ra6 Kd7 46. Rb6 Kc7 47. Rxb4 Rd7 48. Bd5 Kd8 49. Rb8+ Ke7 50. a6 Ra7 51. Rb7+ Kf6 52. Rxg7 Kxg7 53. Bb7 d5 54. b4 d4 55. b5 d3 56. Kf2 d2 57. Ke2 Rxb7 58. axb7 1-0

[Event "Titled Tuesday intern op 01st Apr Early"]
[Site "Chess.com INT"]
[Date "2025.04.01"]
[Round "9"]
[White "Xiong, Jeffery"]
[Black "Ter Sahakyan, Samvel"]
[Result "1/2-1/2"]
[WhiteElo "2636"]
[BlackElo "2611"]
[PlyCount "142"]
[EventDate "2025.04.01"]
[EventType "swiss (blitz)"]
[EventRounds "11"]
[EventCountry "USA"]
[SourceTitle "CB15_2025"]
[SourceDate "2025.04.09"]
[SourceVersion "1"]
[SourceVersionDate "2025.04.09"]
[SourceQuality "1"]

1. d4 Nf6 2. c4 e6 3. Nf3 d5 4. Nc3 Be7 5. Bf4 0-0 6. a3 c5 7. dxc5 Bxc5 8. e3 Nc6 9. Bd3 dxc4 10. Bxc4 Nh5 11. Qxd8 Rxd8 12. Bg5 Be7 13. Bxe7 Nxe7 14. Ke2 Bd7 15. Ne5 Nf6 16. Rhd1 Be8 17. e4 Kf8 18. f3 Nc6 19. Nxc6 Bxc6 20. Ke3 Ke7 21. Be2 g5 22. h4 h6 23. hxg5 hxg5 24. Rxd8 Rxd8 25. Rh1 Rg8 26. Rc1 Rd8 27. b4 Be8 28. Nd1 Nd7 29. Rc7 Rb8 30. Nf2 Kd8 31. Rc1 Ne5 32. g3 Rc8 33. Rxc8+ Kxc8 34. f4 gxf4+ 35. gxf4 Nd7 36. Ng4 Nb6 37. Kd4 Kd8 38. Nh6 Bc6 39. Nxf7+ Ke7 40. Ne5 Ba4 41. Bg4 Nc8 42. Nd3 b6 43. Ne5 Nd6 44. Be2 Bb5 45. Bd3 Be8 46. Ke3 Ba4 47. Ba6 Be8 48. Be2 Ba4 49. Kd2 Nxe4+ 50. Kd3 Nd6 51. Kd4 Bb5 52. Bg4 Be8 53. Be2 Kf6 54. Bd3 Ke7 55. Ke3 Bb5 56. Bc2 Nc4+ 57. Nxc4 Bxc4 58. Kd4 Bb5 59. Ke5 Bd7 60. Bb3 Bc8 61. a4 a5 62. b5 Bd7 63. Bc4 Bc8 64. Bd3 Bd7 65. Be4 Be8 66. Bf3 Bf7 67. Bg4 Bg8 68. Bh5 Bh7 69. Bg4 Bg8 70. Bh3 Bf7 71. Bg4 Bg8 1/2-1/2

[Event "Titled Tuesday intern op 25th Mar Early"]
[Site "Chess.com INT"]
[Date "2025.03.25"]
[Round "3"]
[White "Kovalchuk, Alexey"]
[Black "Xiong, Jeffery"]
[Result "0-1"]
[WhiteElo "2304"]
[BlackElo "2636"]
[PlyCount "78"]
[EventDate "2025.03.25"]
[EventType "swiss (blitz)"]
[EventRounds "11"]
[EventCountry "USA"]
[SourceTitle "CB14_2025"]
[SourceDate "2024.11.01"]
[SourceVersion "1"]
[SourceVersionDate "2024.11.01"]
[SourceQuality "1"]

1. e4 c5 2. Nf3 d6 3. d4 cxd4 4. Nxd4 Nf6 5. Nc3 a6 6. Be3 Nbd7 7. g4 h6 8. h4 b5 9. Rg1 g6 10. g5 hxg5 11. hxg5 Nh5 12. Be2 Bb7 13. a3 Rc8 14. Qd2 Nc5 15. f3 e5 16. Nb3 Nxb3 17. cxb3 Nf4 18. Bxf4 exf4 19. 0-0-0 Bg7 20. Kb1 Be5 21. Bd3 Rh5 22. Ne2 Rxg5 23. Nxf4 Rxg1 24. Rxg1 Qf6 25. Nd5 Bxd5 26. exd5 Qxf3 27. Bc2 Qf4 28. Qxf4 Bxf4 29. Bd3 Rc5 30. Be4 Ke7 31. Rf1 Be5 32. Rd1 f5 33. Bf3 g5 34. Rh1 g4 35. Bg2 Kf6 36. Rh7 Rc8 37. Ra7 Rh8 38. Rxa6 Rh2 39. Bf1 Rh1 0-1

[Event "Titled Tuesday intern op 25th Mar Early"]
[Site "Chess.com INT"]
[Date "2025.03.25"]
[Round "4"]
[White "Xiong, Jeffery"]
[Black "Torosyan, Volodya"]
[Result "0-1"]
[WhiteElo "2636"]
[BlackElo "2194"]
[PlyCount "32"]
[EventDate "2025.03.25"]
[EventType "swiss (blitz)"]
[EventRounds "11"]
[EventCountry "USA"]
[SourceTitle "CB14_2025"]
[SourceDate "2024.11.01"]
[SourceVersion "1"]
[SourceVersionDate "2024.11.01"]
[SourceQuality "1"]

1. e4 c5 2. Nf3 Nc6 3. Bb5 g6 4. c3 Bg7 5. d4 cxd4 6. cxd4 d5 7. exd5 Qxd5 8. Nc3 Qe6+ 9. Be3 a6 10. d5 Qd6 11. Ba4 b5 12. dxc6 bxa4 13. Qxa4 Nh6 14. Rd1 Qe6 15. Ng5 Qg4 16. h3 Bxc3+ 0-1

[Event "Titled Tuesday intern op 25th Mar Early"]
[Site "Chess.com INT"]
[Date "2025.03.25"]
[Round "7"]
[White "Xiong, Jeffery"]
[Black "Yeletsky, Ivan"]
[Result "1-0"]
[WhiteElo "2636"]
[BlackElo "2469"]
[PlyCount "75"]
[EventDate "2025.03.25"]
[EventType "swiss (blitz)"]
[EventRounds "11"]
[EventCountry "USA"]
[SourceTitle "CB14_2025"]
[SourceDate "2024.11.01"]
[SourceVersion "1"]
[SourceVersionDate "2024.11.01"]
[SourceQuality "1"]

1. e4 c5 2. Nf3 d6 3. Nc3 Nf6 4. d4 cxd4 5. Qxd4 Nc6 6. Qd3 g6 7. Nd5 Bg7 8. c3 Nd7 9. Bg5 h6 10. Bh4 Nc5 11. Qc2 0-0 12. Rd1 g5 13. Bg3 f5 14. Bc4 Kh8 15. exf5 Bxf5 16. Qe2 e6 17. Ne3 d5 18. Nxf5 Rxf5 19. 0-0 a6 20. Nd4 Nxd4 21. cxd4 Ne4 22. Bd3 Nxg3 23. hxg3 Rf6 24. Bb1 Qd6 25. Qd3 Kg8 26. f4 gxf4 27. gxf4 Raf8 28. Rf3 Kf7 29. Rg3 Rf5 30. Qe2 Qxf4 31. Rf3 Bxd4+ 32. Kf1 Qh4 33. Rxd4 Qxd4 34. Bxf5 exf5 35. Rxf5+ Kg7 36. Qe7+ Kg6 37. Rxf8 Qd1+ 38. Qe1 1-0

[Event "Titled Tuesday intern op 11th Mar Early"]
[Site "Chess.com INT"]
[Date "2025.03.11"]
[Round "9"]
[White "Bortnyk, Olexandr"]
[Black "Xiong, Jeffery"]
[Result "1/2-1/2"]
[WhiteElo "2601"]
[BlackElo "2636"]
[PlyCount "75"]
[EventDate "2025.03.11"]
[EventType "swiss (blitz)"]
[EventRounds "11"]
[EventCountry "USA"]
[SourceTitle "CB12_2025"]
[SourceDate "2025.03.19"]
[SourceVersion "1"]
[SourceVersionDate "2025.03.19"]
[SourceQuality "1"]

1. e4 c6 2. c4 d5 3. cxd5 cxd5 4. exd5 Nf6 5. Qa4+ Nbd7 6. Nc3 g6 7. Bc4 Bg7 8. Nf3 0-0 9. d3 a6 10. Qa3 b6 11. 0-0 Bb7 12. Re1 Re8 13. Be3 b5 14. Bb3 Ng4 15. Qb4 Nxe3 16. fxe3 Ne5 17. Qe4 Nxf3+ 18. Qxf3 b4 19. Ne4 Bxb2 20. Rab1 Bf6 21. d4 Kg7 22. Nc5 Bc8 23. Ba4 Rf8 24. Rxb4 Ra7 25. a3 e5 26. dxe6 fxe6 27. Qe4 Qd6 28. Reb1 Bd8 29. Nb7 Bxb7 30. Rxb7+ Bc7 31. Qe5+ Qxe5 32. dxe5 Rxb7 33. Rxb7 Rf7 34. Ra7 Bb6 35. Rxf7+ Kxf7 36. Kf2 Bc7 37. Bc6 Bxe5 38. h3 1/2-1/2